|
|
|
|
| LEADER |
00000nab a2200000ua 4500 |
| 001 |
vtls010758265 |
| 003 |
SK-MaSNL |
| 005 |
20260304202321.0 |
| 008 |
250718s xo |||||||||||||||||slo| |
| 035 |
|
|
|a (urnnbn)urn:nbn:sk:snk:ar-a02jo0
|
| 035 |
|
|
|a (uuid)0401b942-9466-4619-a78b-6b4f0e6c4144
|
| 035 |
|
|
|a urn:nbn:sk:snk-ab4luv
|
| 040 |
|
|
|a SNKBUCL
|b slo
|c SNKBUCL
|e AACR2
|
| 041 |
0 |
|
|a eng
|
| 044 |
|
|
|a xo
|c SK
|
| 100 |
1 |
|
|a Bachratá, Mária
|4 aut
|9 279703
|
| 245 |
1 |
0 |
|a A Study of Physico-Chemikal Properties of Drug Substances with Cancerostatic Effect. Part I :
|b Spectral Study in the Ultraviolet and Infrared Region
|c Mária Bachratá, Marie Blešová, Želmíra Bezáková
|
| 700 |
1 |
|
|a Blešová, Marie
|4 aut
|9 6932
|
| 700 |
1 |
|
|a Bezáková, Želmíra
|4 aut
|9 375229
|
| 773 |
0 |
|
|t Acta Facultatis Pharmaceuticae Universitatis Comenianae
|g Roč. 36, č. 36 (1981 - 1982), s. 5-23
|
| 850 |
|
|
|a Slovenská národná knižnica
|
| 852 |
|
|
|a Slovenská národná knižnica
|
| 958 |
|
|
|a article3
|
| 958 |
|
|
|a OND
|
| 958 |
|
|
|a EUIPO
|
| 999 |
|
|
|c 3102213
|d 3104143
|